Products That End in A Quiz Stats

 Plays Quiz Updated Aug 1, 2013

Also try: Product Mascots
Challenge
Share
Tweet
Embed
Score 0/20 Timer 05:00
0 Plays Today
Hint Ends in A % Correct
Hazelnut chocolate spread from ItalyNutella
91.7%
Pfizer's top-selling erectile-dysfunction drugViagra
76%
Processed cheese known for 'velvety' smoothnessVelveeta
73.4%
Top-selling Mexican beer in the U.S.Corona
72%
Nabsico's ___ Wafers – the cookies in the yellow boxNilla Wafers
68.4%
Bubble gum packaged with cartoon stripBazooka
64.5%
Honda's luxury product lineAcura
56.2%
Counterpart to Franken Berry or Boo BerryCount Chocula
55.7%
Top-selling artificial sweetener (Equal is #2)Splenda
54.4%
PepsiCo's brand of bottled waterAquafina
51.5%
Hint Ends in A % Correct
Tater Tots creator (When it says ___, it’s All Righta)Ore-Ida
49.7%
One of the most popular push-up brassieresWonderbra
40.8%
Nestle's iced tea productNestea
40.1%
High-end chocolate known for its gold packagingGodiva
39.8%
Michelob's low-carb offeringUltra
39.3%
Tuna known for mermaid mascotChicken of the Sea
38.2%
This instant coffee was one of the first decaf optionsSanka
36.2%
Heavy-duty work soap that contains pumiceLava
32.7%
Discontinued clear malt beverage from CoorsZima
23.3%
Menthol-based skin cleanser sold in blue jarsNoxzema
20.1%

You're not logged in!

Compare scores with friends on all Sporcle quizzes.
Join for Free
OR
Log In

You Might Also Like...

Show Comments

Extras

Top Quizzes Today


Score Distribution

Your Account Isn't Verified!

In order to create a playlist on Sporcle, you need to verify the email address you used during registration. Go to your Sporcle Settings to finish the process.

Report this User

Report this user for behavior that violates our Community Guidelines.

Details: